Социальная экология: учебник

Dades bibliogràfiques
Autor principal: Тюрикова Г. Н. Галина Николаевна
Altres autors: Ладнова Г. Г. Галина Георгиевна, Тюрикова Ю. Б. Юлия Борисовна
Sumari:Учебник создан в соответствии с Федеральным государственным стандартом по направлению подготовки 040400 Социальная работа (квалификация "бакалавр").Учебник содержит сведения о важнейших понятиях и категориях социальной экологии: окружающей среде и ее охране, законах социальной экологии, экологическом сознании, экологической этике и культуре, экологическом здоровье, принципах экологической безопасности, стратегии экологического развития цивилизации, экологических проблемах социальной работы. Способствует формированию экологического мышления, воспитанию нравственного поведения в системе "человек —общество — природа". Для студентов (бакалавров) учреждений высшего профессионального образования, учителей, преподавателей вузов и других учебных заведений.
Idioma:rus
Publicat: Москва, Академия, 2011
Col·lecció:Бакалавриат
Высшее профессиональное образование. Социальная работа
Matèries:
Format: MixedMaterials Llibre
KOHA link:https://koha.lib.tpu.ru/cgi-bin/koha/opac-detail.pl?biblionumber=208883

MARC

LEADER 00000nam0a2200000 4500
001 208883
005 20231101225509.0
010 |a 9785769577260 
035 |a (RuTPU)RU\TPU\book\228134 
090 |a 208883 
100 |a 20120207d2011 m y0rusy50 ca 
101 0 |a rus 
102 |a RU 
105 |a y j 001zy 
200 1 |a Социальная экология  |e учебник  |f Г. Н. Тюрикова, Г. Г. Ладнова, Ю. Б. Тюрикова 
210 |a Москва  |c Академия  |d 2011 
215 |a 208 с. 
225 1 |a Бакалавриат 
225 1 |a Высшее профессиональное образование. Социальная работа 
320 |a Библиогр.: с. 203-206. 
320 |a Словарь терминов: с. 194-202. 
330 |a Учебник создан в соответствии с Федеральным государственным стандартом по направлению подготовки 040400 Социальная работа (квалификация "бакалавр").Учебник содержит сведения о важнейших понятиях и категориях социальной экологии: окружающей среде и ее охране, законах социальной экологии, экологическом сознании, экологической этике и культуре, экологическом здоровье, принципах экологической безопасности, стратегии экологического развития цивилизации, экологических проблемах социальной работы. Способствует формированию экологического мышления, воспитанию нравственного поведения в системе "человек —общество — природа". Для студентов (бакалавров) учреждений высшего профессионального образования, учителей, преподавателей вузов и других учебных заведений. 
606 1 |a Социальная экология  |x Философские проблемы  |2 stltpush  |3 (RuTPU)RU\TPU\subj\70036  |9 84599 
610 1 |a экология 
610 1 |a окружающая среда 
610 1 |a охрана 
610 1 |a экологический кризис 
610 1 |a история 
610 1 |a методология 
610 1 |a экологическая культура 
610 1 |a экологическое сознание 
610 1 |a социальная среда 
610 1 |a Россия 
610 1 |a экологическое развитие 
610 1 |a экологические проблемы 
610 1 |a здоровье 
610 1 |a социальная политика 
610 1 |a экологическая безопасность 
610 1 |a учебно-методические планы 
610 1 |a учебные пособия 
686 |a Ю663я73  |v LBC/SL-A  |2 rubbk 
700 1 |a Тюрикова  |b Г. Н.  |g Галина Николаевна 
701 1 |a Ладнова  |b Г. Г.  |g Галина Георгиевна 
701 1 |a Тюрикова  |b Ю. Б.  |g Юлия Борисовна 
801 1 |a RU  |b 63413507  |c 20120207 
801 2 |a RU  |b 63413507  |c 20171017  |g RCR 
900 |a Социальная экология и экология человека 
942 |c BK 
955 |b 040400 
959 |a 16/20120206  |d 2  |e 245,00  |f ЧЗТЛ:1  |f АНЛ:1 
959 |a 84/20130422  |d 5  |e 297,00  |f УФ:5